外国出身の現役NPB選手(2026) - Statistics

General Stats
  • This quiz has been taken 43 times
    3 since last reset
  • The average score is 63 of 107
Answer Stats
現所属 出身国 ポジション Answer % Correct
阪神 ドミニカ共和国 投手 ドリス
100%
阪神 ドミニカ共和国 投手 マルティネス
100%
阪神 アメリカ 内野手 ディベイニー
100%
DeNA アメリカ 投手 デュプランティエ
100%
DeNA アメリカ 投手 コックス
100%
DeNA アメリカ 外野手 ヒュンメル
100%
巨人 パナマ 投手 バルドナード
100%
巨人 キューバ 投手 マルティネス
100%
巨人 アメリカ 内野手 ダルベック
100%
巨人 アメリカ 外野手 キャベッジ
100%
中日 アメリカ 投手 マラー
100%
中日 キューバ 投手 マルティネス
100%
中日 アメリカ 外野手 ボスラー
100%
広島 ドミニカ共和国 内野手 モンテロ
100%
広島 ドミニカ共和国 外野手 ファビアン
100%
ヤクルト ベネズエラ 投手 キハダ
100%
ヤクルト ベネズエラ 内野手 オスナ
100%
ヤクルト ドミニカ共和国 外野手 サンタナ
100%
ソフトバンク アメリカ 投手 スチュワート・ジュニア
100%
ソフトバンク 台湾 投手 徐若熙
100%
ソフトバンク メキシコ 投手 アルメンタ
100%
ソフトバンク キューバ 投手 モイネロ
100%
ソフトバンク メキシコ 投手 オスナ
100%
ソフトバンク コロンビア 内野手 ダウンズ
100%
日本ハム キューバ 捕手 マルティネス
100%
日本ハム 台湾 捕手 ライル・リン
100%
日本ハム ドミニカ共和国 内野手 カストロ
100%
日本ハム ドミニカ共和国 外野手 レイエス
100%
オリックス ベネズエラ 投手 マチャド
100%
オリックス ドミニカ共和国 投手 ペルドモ
100%
オリックス アメリカ 内野手 シーモア
100%
楽天 ドミニカ共和国 投手 ウレーニャ
100%
西武 アメリカ 内野手 ネビン
100%
西武 ドミニカ共和国 外野手 カナリオ
100%
西武 台湾 外野手 林冠臣
100%
西武 台湾 外野手 林安可
100%
阪神 アメリカ 投手 ラグズデール
67%
阪神 ドミニカ共和国 投手 モレッタ
67%
DeNA アメリカ 投手 レイノルズ
67%
巨人 アメリカ 投手 ウィットリー
67%
巨人 アメリカ 投手 ハワード
67%
巨人 ベネズエラ 投手 マタ
67%
巨人 ドミニカ共和国 投手 ルシアーノ
67%
巨人 ドミニカ共和国 外野手 ティマ
67%
中日 ドミニカ共和国 投手 アブレウ
67%
中日 ドミニカ共和国 内野手 カリステ
67%
中日 キューバ 内野手 ロドリゲス
67%
広島 アメリカ 投手 ターノック
67%
広島 アメリカ 投手 ハーン
67%
広島 ドミニカ共和国 内野手 ラミレス
67%
ヤクルト ドミニカ共和国 投手 リランソ
67%
ソフトバンク ベネズエラ 投手 ヘルナンデス
67%
ソフトバンク ドミニカ共和国 投手 ロドリゲス
67%
日本ハム 台湾 投手 古林睿煬
67%
日本ハム アメリカ 内野手 野村佑希
67%
オリックス アメリカ 投手 ジェリー
67%
楽天 台湾 投手 宋家豪
67%
楽天 アメリカ 内野手 ボイト
67%
楽天 アメリカ 外野手 マッカスカー
67%
西武 アメリカ 投手 ワイナンス
67%
西武 ブラジル 投手 ボー・タカハシ
67%
西武 アメリカ 投手 ウィンゲンター
67%
ロッテ アメリカ 投手 ロング
67%
ロッテ プエルトリコ 内野手 ソト
67%
ロッテ ドミニカ共和国 外野手 ポランコ
67%
西武 ドミニカ共和国 投手 E.ラミレス
67%
阪神 アメリカ 投手 ルーカス
33%
阪神 パナマ 内野手 アルナエス
33%
阪神 ドミニカ共和国 外野手 コンスエグラ
33%
DeNA ベネズエラ 投手 ルイーズ
33%
巨人 台湾 投手 黃錦豪
33%
巨人 ドミニカ共和国 外野手 フェリス
33%
中日 パナマ 投手 メヒア
33%
中日 ドミニカ共和国 内野手 サノー
33%
広島 アメリカ 投手 ケムナ誠
33%
ヤクルト アメリカ 投手 ウォルターズ
33%
ソフトバンク 台湾 投手 張峻瑋
33%
ソフトバンク ドミニカ共和国 内野手 アルモンテ
33%
ソフトバンク ドミニカ共和国 外野手 オスーナ
33%
日本ハム 台湾 投手 孫易磊
33%
オリックス ベネズエラ 投手 エスピノーザ
33%
オリックス 台湾 投手 陳睦衡
33%
楽天 ドミニカ共和国 投手 コントレラス
33%
楽天 ドミニカ共和国 外野手 ゴンザレス
33%
西武 ドミニカ共和国 投手 ゴンザレス
33%
ロッテ ベネズエラ 投手 カスティーヨ
33%
ロッテ アメリカ 投手 ジャクソン
33%
DeNA ドミニカ共和国 投手 マルセリーノ
0%
巨人 ドミニカ共和国 投手 グズマン
0%
広島 ドミニカ共和国 投手 アリア
0%
広島 ドミニカ共和国 外野手 ロベルト
0%
ヤクルト 台湾 投手 翔聖
0%
ソフトバンク キューバ 投手 サルディ
0%
ソフトバンク キューバ 内野手 モレノ
0%
ソフトバンク ドミニカ共和国 外野手 エミール
0%
日本ハム ドミニカ共和国 投手 ラオ
0%
日本ハム カナダ 外野手 山口アタル
0%
楽天 台湾 投手 蕭齊
0%
楽天 台湾 内野手 陽柏翔
0%
西武 カナダ 投手 シンクレア
0%
西武 ウガンダ 投手 ムサ
0%
西武 ウガンダ 投手 フレッド
0%
西武 ドミニカ共和国 投手 オリバー
0%
西武 ドミニカ共和国 内野手 コルニエル
0%
西武 スロベニア 外野手 カルロス
0%
ロッテ ドミニカ共和国 投手 ラドニー
0%
ロッテ ドミニカ共和国 外野手 アセベド
0%
No matching quizzes found
Score Distribution
Percent of People with Each Score
Percentile by Number Answered
Your Score History
You have not taken this quiz since the last reset